| 000 | 00758cam a22002651 4500 | ||
|---|---|---|---|
| 001 | 7502834 | ||
| 005 | 20230320124100.0 | ||
| 008 | 750613s1961 enka b 000 0 eng | ||
| 010 | _a 62025379 | ||
| 015 | _aGB61-21434 | ||
| 035 | _a(OCoLC)1392287 | ||
| 040 |
_aDLC _cFO _dOCoLC _dUk _dDLC |
||
| 042 | _apremarc | ||
| 050 | 0 | 0 |
_aUG630 _b.C54 |
| 082 |
_a623.4519 _bCLE |
||
| 100 | 1 |
_aClemow, John. _9110648 |
|
| 245 | 1 | 0 | _aShort-range guided weapons. |
| 260 |
_aLondon, _bTemple Press _c[1961] |
||
| 300 |
_a79 p. _billus. _c23 cm. |
||
| 490 | 0 | _aTemple Press monographs on rockets and missiles | |
| 504 | _aIncludes bibliography. | ||
| 650 | 0 |
_aGuided missiles. _942228 |
|
| 906 |
_a7 _bcbc _coclcrpl _du _encip _f19 _gy-gencatlg |
||
| 942 |
_2ddc _cBK |
||
| 999 |
_c593858 _d593858 |
||